000 00331nam a22001337a 4500
008 250806b |||||||| |||| 00| 0 eng d
020 _a0314689664
050 _aHD 58.7
_b.M53
100 _aMIDDLEMIST DENNIS R.
245 _aORGANIZATION BEHAVIOUR
260 _aUSA
_bWEST PUBLISHING COMPANY
_c1988
300 _a597p.
942 _cBK
999 _c4430
_d4430